• 首页
  • 本馆介绍
  • 公告通知
  • 最新文献
  • 馆藏检索
  • 电子资源
  • 读者导购
  • 参考咨询
  • 我的图书馆
  • 登录
  • 详细信息显示
  • 放入我的书架
  • 预约/预借图书
  • 作者相关作品
  • 分类相关作品
  • 丛书相关作品
  • 出版社相关作品

书目信息

  • 表格格式
  • 工作单格式
  • 卡片格式
题名:
数字电路与系统
    
 
作者: 王兢 , 王洪玉 主编
分册:  
出版信息: 北京   电子工业出版社  2007
页数: 11, 314页
开本: 26cm
丛书名:
单 册:
中图分类: TN431.2
科图分类:
主题词: 数字集成电路 , 系统设计 , 数字集成电路--系统设计--高等学校--教材
电子资源:
ISBN: 978-7-121-03493-0
000 00916nam0 2200265 450
001 07079000320
005 20070721135000.87
010    @a978-7-121-03493-0@dCNY29.00
100    @a20070110d2007 em y0chiy0110 ea
101 0  @achi
102    @aCN@b110000
105    @aa z 000yy
200 1  @a数字电路与系统@Ashu zi dian lu yu xi tong@f王兢, 王洪玉主编
210    @a北京@c电子工业出版社@d2007
215    @a11, 314页@c图@d26cm
300    @a高等学校教材系列
330    @a本书讲解了数制、逻辑门电路、逻辑代数、组合逻辑电路、触发器、时序逻辑电路、脉冲波形、数字系统设计、数模/模数转换电路、半导体存储器及可编程逻辑器件、硬件描述语言VHDL等内容。
606 0  @a数字集成电路
606 0  @a系统设计
606 0  @a数字集成电路@x系统设计@x高等学校@j教材
690    @aTN431.2@v4
701  0 @a王兢@Awang jing@4主编
701  0 @a王洪玉@Awang hong yu@4主编
801  0 @aCN@bNLC@c20070721
905    @a10447@dTN431.2@e23
    
    数字电路与系统/王兢, 王洪玉主编.-北京:电子工业出版社,2007
    11, 314页:图;26cm
    高等学校教材系列
    
    ISBN 978-7-121-03493-0:CNY29.00
    本书讲解了数制、逻辑门电路、逻辑代数、组合逻辑电路、触发器、时序逻辑电路、脉冲波形、数字系统设计、数模/模数转换电路、半导体存储器及可编程逻辑器件、硬件描述语言VHDL等内容。
●
相关链接 在E读中查询图书 在五车中查询图书 在当当中查询图书 在豆瓣中查询图书


正题名:数字电路与系统     索取号:TN431.2/23         预约/预借

序号 登录号 条形码 馆藏地/架位号 状态 备注
1 0822417   208224170   第二样本阅览室/ [索取号:TN431.2/23] 在馆    
2 0822418   208224189   第三借阅区/ [索取号:TN431.2/23] 在馆    
3 0822419   208224198   第三借阅区/ [索取号:TN431.2/23] 在馆    
4 0822420   208224205   第三借阅区/ [索取号:TN431.2/23] 在馆    
5 0822421   208224214   第三借阅区/ [索取号:TN431.2/23] 在馆    
唐山师范学院图书馆 欢迎您!
大连网信软件有限公司© 版权所有